01435cam a2200325Ii 4500999001500000001000800015003000600023005001700029008004100046010001600087020001500103020001800118035003600136040005200172050001900224082001700243092001900260096002500279100002300304245004500327260005200372300003500424504004100459505041400500650002500914650001600939650001900955942001200974952012300986 c6250d62503322908OCoLC20190116125627.0771006s1970 miua b 001 0 eng d a 76164584 a0801000475 a9780801000478 a(OCoLC)3322908z(OCoLC)37185965 aOKObengcOKOdLMSdFJUdOCLCQdOCLCFdCFTdP4I 4aBV4012.2b.A3204a253.5bA211C0 a253.5bA2143co aBV 4012.2 A214c 19701 aAdams, Jay Edward.10aCompetent to counsel /cby Jay E. Adams. aGrand Rapids, Mich. :bBaker Book House,c1970. axxii, 287 p. :bill. ;c21 cm. aIncludes bibliographical references.0 aChristianity and Psychiatry today -- The holy spirit and counseling -- What is wrong with the mentally ill? -- What is nouthetic counseling? -- The pastor as a nouthetic counselor -- nouthetic and Rogerian counseling -- Confess your sins -- Solving problems nouthetically -- Some principles of nouthetic techniques -- Communication and multiple counseling -- Christian school teachers as nouthetic counselors. 0aPastoral counseling. 2aCounseling. 2aPastoral Care. 2ddccBK 00102ddc40708NFICaHMCbHMCcGENd2019-01-16g1350.00l0o253.5 A211Cp007163r2019-01-16 00:00:00w2019-01-16yBK